000 00418nam a2200169 a 4500
001 0000-8638
003 ELIB.Books
008 110520 1995
035 _a(ELIB.Books)0000-8784
082 _a220
_bBib
100 _aBible
245 _aThe Word of God Alive & Active
260 _bNew York: American Bible Society
_c1995
650 _aBible
942 _2ddc
_cBK
998 _cbat
_e2011-05-20
999 _c8638
_d8638